|
|
|
|
| LEADER |
00000nam0a2200000 4500 |
| 001 |
42263 |
| 005 |
20231031015212.0 |
| 010 |
|
|
|a 5944620927
|
| 035 |
|
|
|a (RuTPU)RU\TPU\book\43514
|
| 090 |
|
|
|a 42263
|
| 100 |
|
|
|a 20020828d2002 m y0rusy50 ca
|
| 101 |
0 |
|
|a rus
|
| 102 |
|
|
|a RU
|
| 105 |
|
|
|a y j 000zy
|
| 200 |
1 |
|
|a Финансы
|e учебник для вузов
|f П. И. Вахрин, А. С. Нешитой
|
| 205 |
|
|
|a 2-е изд., перераб. и доп.
|
| 210 |
|
|
|a Москва
|c Маркетинг
|d 2002
|
| 215 |
|
|
|a 520 с.
|
| 451 |
|
1 |
|0 (RuTPU)RU\TPU\book\69015
|y 5-94462-257-9
|t Финансы
|o учебник
|f П. И. Вахрин, А. С. Нешитой
|e 3-е изд., перераб. и доп.
|c М.
|n Дашков и К
|d 2003
|p 532 с.
|a Вахрин, Павел Иванович
|
| 451 |
|
1 |
|0 (RuTPU)RU\TPU\book\23443
|y 5-7856-0158-3
|t Финансы
|o учебник для вузов
|f П. И. Вахрин, А. С. Нешитой
|c М.
|n Маркетинг
|d 2000
|p 502 с.
|a Вахрин, Павел Иванович
|
| 610 |
1 |
|
|a экономика
|
| 610 |
1 |
|
|a финансы
|
| 610 |
1 |
|
|a Российская Федерация
|
| 610 |
1 |
|
|a финансовая система
|
| 610 |
1 |
|
|a финансовые ресурсы
|
| 610 |
1 |
|
|a финансовая политика
|
| 610 |
1 |
|
|a управление
|
| 610 |
1 |
|
|a финансовый контроль
|
| 610 |
1 |
|
|a муниципальные финансы
|
| 610 |
1 |
|
|a бюджетное устройство
|
| 610 |
1 |
|
|a федеральные бюджеты
|
| 610 |
1 |
|
|a доходы
|
| 610 |
1 |
|
|a расходы
|
| 610 |
1 |
|
|a местные бюджеты
|
| 610 |
1 |
|
|a внебюджетные фонды
|
| 610 |
1 |
|
|a государственный кредит
|
| 610 |
1 |
|
|a коммерческие предприятия
|
| 610 |
1 |
|
|a некоммерческие организации
|
| 610 |
1 |
|
|a страхование
|
| 610 |
1 |
|
|a международные отношения
|
| 610 |
1 |
|
|a учебники
|
| 686 |
|
|
|a У9(2)26я73
|v LBC/SL-A
|2 rubbk
|
| 700 |
|
1 |
|a Вахрин
|b П. И.
|g Павел Иванович
|
| 701 |
|
1 |
|a Нешитой
|b А. С.
|g Анатолий Семенович
|
| 801 |
|
1 |
|a RU
|b 63413507
|c 20020828
|g PSBO
|
| 801 |
|
2 |
|a RU
|b 63413507
|c 20080424
|g PSBO
|
| 900 |
|
|
|a Финансы и кредиты
|
| 942 |
|
|
|c BK
|
| 952 |
|
|
|a 521600
|b 030300
|